000
00234 a2200097 4500
001
33042
100
_a
Sone,Y
245
_a
Kinetic Theory and Fluid Dynamics
260
_a
Mumbai
_b
Jaico Publishing House
_c
2004
090
_c
22170
_d
22170
942
_a
NUST-CAE
_c
M
_c
13526
999
_c
268115
_d
268115